Ավտոմեքենաների էլեկտրասարքավորումներ : (Record no. 102870)
[ view plain ]
| 000 -LEADER | |
|---|---|
| fixed length control field | 01058nam a2200205 u 4500 |
| 001 - CONTROL NUMBER | |
| control field | 000281185 |
| 003 - CONTROL NUMBER IDENTIFIER | |
| control field | AM-YeHGA |
| 005 - DATE AND TIME OF LATEST TRANSACTION | |
| control field | 20250617125713.0 |
| 008 - FIXED-LENGTH DATA ELEMENTS--GENERAL INFORMATION | |
| fixed length control field | 031107s1988 ai r 000 0 arm d |
| 040 ## - CATALOGING SOURCE | |
| Original cataloging agency | AM-YeHGA |
| 041 0# - LANGUAGE CODE | |
| Language code of text/sound track or separate title | arm |
| 090 ## - LOCALLY ASSIGNED LC-TYPE CALL NUMBER (OCLC); LOCAL CALL NUMBER (RLIN) | |
| -- | 104189 |
| 245 10 - TITLE STATEMENT | |
| Title | Ավտոմեքենաների էլեկտրասարքավորումներ : |
| Remainder of title | Դասախոսությունների տեքստ / |
| Statement of responsibility, etc. | Է.Բ. Պլուզյան, Ֆ.Հ. Ավետիսյան ; ՀՍՍՀ բարձրագույն և միջն. մասնագիտ. կրթ. մին-թյուն. Երևանի պոլիտեխն. ին-տ. Կ. Մարքսի անվ. Էլեկտրատեխնիկայի ամբ. |
| 260 ## - PUBLICATION, DISTRIBUTION, ETC. | |
| Place of publication, distribution, etc. | Երևան : |
| Name of publisher, distributor, etc. | Ա.հ., |
| Date of publication, distribution, etc. | 1988. |
| 300 ## - PHYSICAL DESCRIPTION | |
| Extent | 30 էջ : |
| Other physical details | աղս. |
| 504 ## - BIBLIOGRAPHY, ETC. NOTE | |
| Bibliography, etc. note | Մատենագիտ. էջ 28 |
| 650 14 - SUBJECT ADDED ENTRY--TOPICAL TERM | |
| Topical term or geographic name entry element | Ավտոմեքենաների տեխսպասարկում |
| 700 1# - ADDED ENTRY--PERSONAL NAME | |
| Personal name | Ավետիսյան, Ֆրանկլին Հովսեփի. |
| 710 2# - ADDED ENTRY--CORPORATE NAME | |
| Corporate name or jurisdiction name as entry element | Երևանի պոլիտեխնիկական ինստիտուտ Կ. Մարքսի անվան |
| Subordinate unit | Էլեկտրատեխնիկայի ամբիոն |
| Withdrawn status | Lost status | Damaged status | Not for loan | Collection | Home library | Current library | Date acquired | Total checkouts | Full call number | Barcode | Date last seen | Price effective from | Koha item type | Public note |
|---|---|---|---|---|---|---|---|---|---|---|---|---|---|---|
| General | Fundamental Scientific Library | Fundamental Scientific Library | 22/12/2016 | 629.113(075.8) | 220076771 | 22/12/2016 | 22/12/2016 | Գրքեր / Books | 30 Days Loan |
ՀՀ Գիտությունների ազգային ակադեմիայի հիմնարար գիտական գրադարան = Fundamental Scientific Library of NAS RA
All site content, except where otherwise noted, is licensed under a